Vista normal Vista MARC

Entrada Corporate Name

Número de registros utilizados en: 2

001 - CONTROL NUMBER

  • control field: 38477

003 - CONTROL NUMBER IDENTIFIER

  • control field: OSt

005 - DATE AND TIME OF LATEST TRANSACTION

  • control field: 20210715110723.0

008 - FIXED-LENGTH DATA ELEMENTS

  • fixed length control field: 210715|| aca||aabn | a|a d

040 ## - CATALOGING SOURCE

  • Original cataloging agency: OSt
  • Transcribing agency: OSt

110 ## - HEADING--CORPORATE NAME

  • Corporate name or jurisdiction name as entry element: Bolsa de Medellín S.A

670 ## - SOURCE DATA FOUND

  • Source citation: Work cat.: (OSt)8033: 16143, Informe final de la misión de estudios del mercado de capitales / , 1996